[Event "Pardubice Region-chT 2223"]
[Site "Czech Republic"]
[Date "2022.10.09"]
[Round "1.6"]
[White "Cocek, Oldrich"]
[Black "Nemec, Bohumil"]
[Result "0-1"]
[WhiteElo "1558"]
[BlackElo "1762"]
[PlyCount "90"]
[EventDate "2022.10.09"]
[EventType "team-tourn"]
[EventRounds "11"]
[EventCountry "CZE"]
[SourceTitle "EXT 2024"]
[Source "ChessBase"]
[SourceDate "2023.10.10"]
[SourceVersion "1"]
[SourceVersionDate "2023.10.10"]
[SourceQuality "1"]

1. d4 d5 2. Nf3 Nf6 3. g3 Bf5 4. Bg2 e6 5. 0-0 h6 6. Re1 Be7 7. Nbd2 0-0 8. Ne5 Nc6 9. Nxc6 bxc6 10. c4 Rb8 11. c5 Qc8 12. Qa4 Qb7 13. Nf3 Nd7 14. Bf4 g5 15. Bd2 a6 16. Bc3 Bf6 17. h4 Be4 18. hxg5 hxg5 19. Ne5 Bxe5 20. Bxe4 dxe4 21. dxe5 Nxc5 22. Qc2 Qb5 23. f3 exf3 24. Kf2 Qc4 25. exf3 Nd3+ 26. Ke3 Nxe1 27. Rxe1 Qc5+ 28. Kd2 Qf2+ 29. Re2 Qxg3 30. Kc1 Qf4+ 31. Kb1 Qxf3 32. Rf2 Qh1+ 33. Qc1 Qxc1+ 34. Kxc1 Kg7 35. Rg2 Kh6 36. Bd2 Rg8 37. Kc2 Kh5 38. Bc1 Kh4 39. Rf2 Rg7 40. Kd1 Rb5 41. Bxg5+ Kxg5 42. Rg2+ Kh6 43. Rh2+ Kg6 44. Rg2+ Kh7 45. Rxg7+ Kxg7 0-1

[Event "CZE-chT2D 1920"]
[Site "Czech Republic"]
[Date "2020.02.23"]
[Round "9.8"]
[White "Danes, Jaroslav"]
[Black "Nemec, Bohumil"]
[Result "1-0"]
[WhiteElo "2213"]
[BlackElo "1785"]
[PlyCount "109"]
[EventDate "2019.10.13"]
[EventType "team-tourn"]
[EventRounds "11"]
[EventCountry "CZE"]
[SourceTitle "EXT 2024"]
[Source "ChessBase"]
[SourceDate "2023.10.10"]
[SourceVersion "1"]
[SourceVersionDate "2023.10.10"]
[SourceQuality "1"]
[WhiteTeam "Chotebor"]
[BlackTeam "Chrudim"]
[WhiteTeamCountry "CZE"]
[BlackTeamCountry "CZE"]

1. e4 c5 2. Nf3 e6 3. c3 a6 4. d4 cxd4 5. cxd4 d5 6. e5 Nc6 7. Bd3 Nge7 8. Nc3 Ng6 9. 0-0 Be7 10. Ne2 Nh4 11. Nxh4 Bxh4 12. b3 Be7 13. Bb2 Nb4 14. Bb1 Bd7 15. Nf4 Rc8 16. a3 Nc6 17. Qg4 Bg5 18. Nd3 h5 19. Qd1 Be7 20. Nf4 h4 21. Qg4 Kf8 22. b4 g5 23. Nd3 b6 24. f4 Rg8 25. Ba2 Rg7 26. Qe2 Kg8 27. fxg5 Bxg5 28. Nf4 Bxf4 29. Rxf4 Qg5 30. Qf2 h3 31. g3 Ne7 32. Bb1 Be8 33. Kh1 Ng6 34. Rf3 Bb5 35. a4 Bd7 36. Bd3 b5 37. a5 Bc6 38. Rf6 Be8 39. Rf1 Nh4 40. Qf4 Ng2 41. Qxg5 Rxg5 42. Rc1 Rc4 43. Bxc4 dxc4 44. d5 Ne3 45. dxe6 Bc6+ 46. Kg1 fxe6 47. Rxe6 Be4 48. Re1 Bf5 49. Rxa6 Nd5 50. e6 Kf8 51. e7+ Nxe7 52. Rxe7 Bd3 53. Rb7 Bg6 54. Ra8+ Be8 55. Bg7+ 1-0

[Event "CZE-chT2D 1516"]
[Site "Czech Republic"]
[Date "2015.11.22"]
[Round "3.8"]
[White "Houska, Bronislav"]
[Black "Nemec, Bohumil"]
[Result "1/2-1/2"]
[WhiteElo "2012"]
[BlackElo "1873"]
[PlyCount "31"]
[EventDate "2015.10.18"]
[EventType "team-tourn"]
[EventRounds "11"]
[EventCountry "CZE"]
[SourceTitle "EXT 2022"]
[Source "ChessBase"]
[SourceDate "2021.10.06"]
[SourceVersion "1"]
[SourceVersionDate "2021.10.06"]
[SourceQuality "1"]
[WhiteTeam "Vysoke Myto"]
[BlackTeam "Chrudim"]
[WhiteTeamCountry "CZE"]
[BlackTeamCountry "CZE"]

1. d4 d5 2. c4 c6 3. b3 e6 4. Bb2 Nf6 5. g3 Be7 6. Bg2 0-0 7. Nd2 b6 8. Rc1 Bb7 9. Rc2 c5 10. e3 Re8 11. Qa1 Bd6 12. dxc5 Be5 13. cxd5 Bxd5 14. Nc4 Bxg2 15. Rd2 Qc7 16. Qd1 1/2-1/2

[Event "CZE-chT1E 1314"]
[Site "Czech Republic"]
[Date "2014.02.22"]
[Round "10.8"]
[White "Neuschl, Zdenek"]
[Black "Nemec, Bohumil"]
[Result "1-0"]
[WhiteElo "2130"]
[BlackElo "1925"]
[PlyCount "73"]
[EventDate "2013.10.20"]
[EventType "team-tourn"]
[EventRounds "11"]
[EventCountry "CZE"]
[SourceTitle "EXT 2015"]
[Source "ChessBase"]
[SourceDate "2014.11.20"]
[SourceVersion "1"]
[SourceVersionDate "2014.11.20"]
[SourceQuality "1"]
[WhiteTeam "Ostrava"]
[BlackTeam "Chrudim"]
[WhiteTeamCountry "CZE"]
[BlackTeamCountry "CZE"]

1. e4 c5 2. Nc3 e5 3. f4 d6 4. Nf3 Nc6 5. Bb5 exf4 6. 0-0 Bd7 7. d3 Qb6 8. Nd5 Qd8 9. Bxf4 Nf6 10. Qd2 Ne5 11. Bxe5 Bxb5 12. Bxf6 gxf6 13. c4 Bc6 14. Nh4 Be7 15. Nf5 Bxd5 16. exd5 Kd7 17. Rae1 Bf8 18. Nh6 Bxh6 19. Qxh6 Kc7 20. Qxf6 Qxf6 21. Rxf6 Rad8 22. Rxf7+ Rd7 23. Ree7 Rxe7 24. Rxe7+ Kc8 25. Rf7 h5 26. Kf2 Rh6 27. g3 Rg6 28. Kf3 a6 29. Kf4 Rg4+ 30. Kf5 Rd4 31. Ke6 Rxd3 32. Kxd6 Kb8 33. Rf8+ Ka7 34. Kc7 b5 35. d6 bxc4 36. d7 c3 37. bxc3 1-0